000 01012cam a2200313 i 4500
001 4018134
003 EG-ScBUE
005 20260124113127.0
008 970827s1998 enka frb f000 0 eng d
020 _a0198502486 (pbk.)
020 _a9780198502487
040 _aDLC
_beng
_erda
_cDLC
_dDLC
_dEG-ScBUE
082 0 4 _a572.865
_222
_bLIT
100 1 _aLittlewood, Trevor D.,
_eauthor.
_939482
245 1 0 _aHelix-loop-helix transcription factors /
_cTrevor D. Littlewood and Gerard I. Evan.
250 _aThird edition.
264 1 _aOxford ;
_aNew York :
_bOxford University Press,
_c1998.
300 _a151 pages :
_billustrations ;
_c25 cm
336 _2rdacontent
_atext
_btxt
337 _aunmediated
_2rdamedia
_bn
338 _avolume
_bnc
_2rdacarrier
490 0 _aProtein profile
504 _aIncludes bibliographical references
650 0 _aHelix-loop-helix motifs.
_2BUEsh
653 _bPPhrm
_cMarch2016
655 _vReading book
700 1 _aEvan, Gerard I.,
_eauthor.
942 _2ddc
_cBB
999 _c21317
_d21289